| 000 | 00363nam a2200133Ia 4500 | ||
|---|---|---|---|
| 008 | 220217s9999||||xx |||||||||||||| ||und|| | ||
| 082 | _a621.8 RAG | ||
| 100 | _aRaghuvamshi, B S | ||
| 245 | 0 | _aCourse in workshop technology vol 1 | |
| 250 | _a10th Revis | ||
| 260 |
_aDhanpat rai and co. _bNew Dehi _c2011 |
||
| 300 |
_axxiv,961p _b200 |
||
| 650 | _aMachine | ||
| 999 |
_c184353 _d184353 |
||